Josep Anselm Clavé i el naixement del cant coral a Catalunya : 1850-1874 / Jaume Carbonell i Guberna 1850-1874 / Jaume Carbonell i Guberna
ISBN:
84-922737-
Descripción Física:
798 p. : il. ; 21 cm
MARC
| LEADER | 00000nam a2200000Ia 4500 | ||
|---|---|---|---|
| 001 | 12594 | ||
| 008 | 160829s2000 xx 000 0 cat d | ||
| 020 | |a 84-922737-I-3 | ||
| 080 | |a B-1-151 | ||
| 100 | |a Carbonell i Guberna, Jaume |9 30907 | ||
| 245 | |a Josep Anselm Clavé i el naixement del cant coral a Catalunya : |b 1850-1874 / Jaume Carbonell i Guberna | ||
| 260 | |a Cabrera de Mar : |b Galerada, |c 2000 | ||
| 300 | |a 798 p. : |b il. ; |c 21 cm | ||
| 600 | 1 | 0 | |a Clavé, Josep Anselm, |d 1824-1874 |9 54893 |
| 650 | |a Cant coral |x Catalunya |x Història |x S. XIX |9 30909 | ||
| 650 | |a Societat Coral Euterpe |9 30910 | ||
| 901 | |a Arxiu | ||
| 942 | |n 1 | ||
| 952 | |0 0 |1 0 |4 0 |6 B1151 |7 1 |9 45567 |a Arxiu |b Arxiu |d 2016-12-01 |l 0 |o B-1-151 |p 12594 |r 2016-12-01 00:00:00 |w 2016-12-01 |y ARXIU | ||
| 999 | |c 48735 |d 48735 | ||